000 00380nam a2200169Ia 4500
003 OSt
005 20240119162456.0
008 170619s9999 xx 000 0 und d
020 _a8176560987
040 _cIIMT ENGINEERING COLLEGE
100 _aDYSON- P
245 0 _aUNIX COMPLETE
260 _bPEARSON EDU. DELHI
260 _c2002
546 _aENGLISH
942 _2ddc
_c06
999 _c22940
_d22940